Finaliści turniejów PDC - Statystyki

Ogólne statystyki
  • Ten quiz został rozwiązany 21 razy
    20 od ostatniego zresetowania
  • Średni wynik to 34 z 58
Statystyki odpowiedzi
Finały (przegrane) Narodowość Darter % Poprawnych
16 Szkocja Gary Anderson
100%
9 Anglia Michael Smith
100%
17 Holandia Michael van Gerwen
100%
16 Szkocja Peter Wright
100%
10 Walia Gerwyn Price
95%
3 Walia Jonny Clayton
90%
3 Anglia Luke Humphries
90%
15 Anglia Phil Taylor
90%
1 Portugalia Jose de Sousa
85%
1 Anglia Luke Littler
85%
10 Holandia Raymond van Barneveld
85%
1 Irlandia Płn. Brendan Dolan
80%
1 Holandia Danny Noppert
80%
7 Australia Simon Whitlock
80%
2 Belgia Dimitri van den Bergh
75%
4 Austria Mensur Suljović
75%
11 Anglia Adrian Lewis
70%
7 Kanada John Part
70%
8 Anglia Rob Cross
70%
1 Irlandia William O'Connor
70%
6 Anglia Dave Chisnall
65%
4 Anglia Nathan Aspinall
65%
2 Austria Rowby-John Rodriguez
65%
15 Anglia James Wade
60%
1 Anglia Joe Cullen
60%
7 Anglia Dennis Priestley
55%
2 Holandia Dirk van Duijvenbode
55%
2 Australia Paul Nicholson
55%
3 Anglia Andy Hamilton
50%
3 Walia Mark Webster
50%
4 Anglia Peter Manley
50%
2 Szkocja Robert Thornton
50%
1 Anglia Ryan Searle
50%
1 Anglia Steve Beaton
50%
1 Irlandia Steve Lennon
50%
9 Anglia Terry Jenkins
50%
7 Anglia Mervyn King
45%
1 Walia Richie Burnett
45%
1 Holandia Vincent van der Voort
45%
3 Anglia Wayne Mardle
45%
2 Anglia Wes Newton
45%
3 Anglia Alan Warriner
40%
1 Anglia Colin Osborne
40%
1 Australia Corey Cadby
40%
1 Anglia Kevin Painter
40%
2 Walia Barrie Bates
35%
2 Belgia Kim Huybrechts
35%
1 Anglia Kirk Shepherd
35%
2 Anglia Mark Dudbridge
35%
2 Anglia Rod Harrington
35%
1 Belgia Ronny Huybrechts
35%
1 Anglia Mark Walsh
30%
2 Holandia Roland Scholten
30%
1 Anglia Scott Waites
30%
3 Anglia Colin Lloyd
25%
1 USA Gary Mawson
25%
2 Anglia Ronnie Baxter
25%
3 Anglia Shayne Burgess
25%
Nie znaleziono quizów pasujących do podanych kryteriów
Rozkład punktacji
Procent ludzi z każdym wynikiem
Percentyl według liczby udzielonych odpowiedzi
Twoja historia wyników
Nie rozwiązałeś tego quizu od ostatniego zresetowania